Southville International School and Colleges
Your cart is empty.
  • Cart
  • Lists
    Public lists Eva Luna New books Lux_list list_1
    Your lists Log in to create your own lists
  • Log in to your account
  • Your cookies
  • Search history
Southville International School and Colleges
  • Advanced search
  • Recent comments
  • Most popular
  • Libraries

Log in to your account

Log in with GOOGLE


If you do not have an external account, but do have a local account, you can still log in:

  1. Home
  2. MARC view: Start to navigate /
Normal view MARC view ISBD view

Start to navigate / (Record no. 15273)

[ view plain ]
MARC details
000 -LEADER
fixed length control field 00823nam a2200313 i 4500
001 - CONTROL NUMBER
control field 1325757
003 - CONTROL NUMBER IDENTIFIER
control field OSt
005 - DATE AND TIME OF LATEST TRANSACTION
control field 20140310182715.0
008 - FIXED-LENGTH DATA ELEMENTS--GENERAL INFORMATION
fixed length control field 780619s1977 enkad b 001 0 eng
010 ## - LIBRARY OF CONGRESS CONTROL NUMBER
LC control number 78313844
015 ## - NATIONAL BIBLIOGRAPHY NUMBER
National bibliography number GB77-31256
020 ## - INTERNATIONAL STANDARD BOOK NUMBER
International Standard Book Number 0229117066
040 ## - CATALOGING SOURCE
Original cataloging agency DLC
Transcribing agency DLC
Modifying agency DLC
050 00 - LIBRARY OF CONGRESS CALL NUMBER
Classification number VK 555
Item number .D621 1983
082 00 - DEWEY DECIMAL CLASSIFICATION NUMBER
Classification number M 623.89
Item number D64 1983
100 1# - MAIN ENTRY--PERSONAL NAME
Personal name Dixon, Conrad.
245 10 - TITLE STATEMENT
Title Start to navigate /
Statement of responsibility, etc Dixon, Conrad
260 ## - PUBLICATION, DISTRIBUTION, ETC. (IMPRINT)
Place of publication, distribution, etc London :
Name of publisher, distributor, etc Adlard Coles Nautical,
Date of publication, distribution, etc c1977.
300 ## - PHYSICAL DESCRIPTION
Extent 125 p.
Other physical details ill. ;
Dimensions 20 cm.
500 ## - GENERAL NOTE
General note Includes index.
504 ## - BIBLIOGRAPHY, ETC. NOTE
Bibliography, etc Bibliography: p. [121]
521 ## - TARGET AUDIENCE NOTE
Target audience note
526 ## - STUDY PROGRAM INFORMATION NOTE
Reading level 1210L-1700L
541 ## - IMMEDIATE SOURCE OF ACQUISITION NOTE
-- 1
562 ## - COPY AND VERSION IDENTIFICATION NOTE
Number of copies 1
650 #0 - SUBJECT ADDED ENTRY--TOPICAL TERM
Topical term or geographic name as entry element Navigation.
906 ## - LOCAL DATA ELEMENT F, LDF (RLIN)
a 7
b cbc
c orignew
d 3
e ncip
f 19
g y-gencatlg
942 ## - ADDED ENTRY ELEMENTS (KOHA)
Source of classification or shelving scheme Library of Congress Classification
Koha item type Books
Call number prefix
Holdings
Withdrawn status Lost status Source of classification or shelving scheme Damaged status Home library Current library Shelving location Date acquired Source of acquisition Total Checkouts Full call number Barcode Date last seen Copy number Price effective from Koha item type
    Library of Congress Classification   Archives Archives   06/07/2013 Donation   VK 555 .D621 1983 C5771 05/15/2018 1 11/14/2013 Books

Start to navigate /

APA

Dixon C., . (1977). Start to navigate. London: Adlard Coles Nautical.

Chicago

Dixon Conrad, . 1977. Start to navigate. London: Adlard Coles Nautical.

Harvard

Dixon C., . (1977). Start to navigate. London: Adlard Coles Nautical.

MLA

Dixon Conrad, . Start to navigate. London: Adlard Coles Nautical. 1977.

  • Place hold
  • Print
  • Cite
  • Add to your cart (remove)
  • Save record
    BIBTEX Dublin Core MARCXML MARC (non-Unicode/MARC-8) MARC (Unicode/UTF-8) MARC (Unicode/UTF-8, Standard) MODS (XML) RIS
  • More searches
    Search for this title in:
    Other Libraries (WorldCat) Other Databases (Google Scholar) Online Stores (Bookfinder.com) Open Library (openlibrary.org)

Exporting to Dublin Core...

SOUTHVILLE LIBRARY

Southville International School and Colleges Library

1281 Tropical Ave. Cor. Luxembourg St., BF Homes International, Las Pinas City

Tel. No. 8256374 / 252358 Loc. 117/146

Powered by Koha